serun
ՀԱՅ ԳԻՐՔ = Armenian Book

Հին Հունաստան. հետազոտական էսքիզներ ։ (Record no. 165698)

000 -LEADER
fixed length control field nam a22 a 4500
003 - CONTROL NUMBER IDENTIFIER
control field AM-YeNLA
005 - DATE AND TIME OF LATEST TRANSACTION
control field 20260108162431.0
007 - PHYSICAL DESCRIPTION FIXED FIELD--GENERAL INFORMATION
fixed length control field ta
008 - FIXED-LENGTH DATA ELEMENTS--GENERAL INFORMATION
fixed length control field 260108s2025 ai a|||fr|||| 00| 0 arm||
020 ## - INTERNATIONAL STANDARD BOOK NUMBER
International Standard Book Number 978-5-8084-2725-9
040 ## - CATALOGING SOURCE
Original cataloging agency AM-YeNLA
Language of cataloging arm
Transcribing agency AM-YeNLA
041 0# - LANGUAGE CODE
Language code of text/sound track or separate title arm
Language code of summary or abstract eng
100 1# - MAIN ENTRY--PERSONAL NAME
Personal name Ստեփանյան, Ալբերտ Ա.
245 10 - TITLE STATEMENT
Title Հին Հունաստան. հետազոտական էսքիզներ ։
Number of part/section of a work Հատոր Ա ։
Name of part/section of a work Արխաիկ անցումային հասարակությունից մինչև Սպարտայի ռազմածիսական կայունությունը /
Statement of responsibility, etc. Ա. Ա. Ստեփանյան ; Խմբ.՝ Դ. Վ. Պետրոսյան, Տ. Վ. Մկրտչյան ; Երևանի պետական համալսարան.
246 15 - VARYING FORM OF TITLE
Title proper/short title Ancient Greece. Research esquisses ;
Number of part/section of a work Vol 1.:
Name of part/section of a work from the Archaic social transitivity to the Spartan ritual and military stability
260 ## - PUBLICATION, DISTRIBUTION, ETC. (IMPRINT)
Place of publication, distribution, etc. Երևան :
Name of publisher, distributor, etc. ԵՊՀ հրատարակչություն,
Date of publication, distribution, etc. 2025.
300 ## - PHYSICAL DESCRIPTION
Extent 224 էջ ։
Other physical details նկ.
500 ## - GENERAL NOTE
General note Նվիրվում է պրոֆ. Գևորգ Ա. Տիրացյանի հիշատակին, որ էր այր բազմախորհուրդ եւ իմաստուն։
504 ## - BIBLIOGRAPHY, ETC. NOTE
Bibliography, etc Տողատակերում՝ ծանոթագրություններ ։
504 ## - BIBLIOGRAPHY, ETC. NOTE
Bibliography, etc Հակիրճանք՝ էջ 197-200 ։
Մատենագիտություն՝ էջ 201-218 ։
Դասիչ՝ էջ 219-223 ։
520 3# - SUMMARY, ETC.
Summary, etc. Առաջարկվող հատորը ընդհանուր հետազոտական ծրագրի առաջին մասն է։ Ծրագիր, որը խնդիր ունի բացահայտելու հին հունական պատմության հիմնակազմիկ դիտանկյունները։ Այս ծիրի մեջ սևեռումի առարկան քաղաք–պետությունն է՝ ձևավորված ի հետևանս Ուշբրոնզեդարյան քաղաքակրթական
փլուզումի։ Պալատական կենտրոնները քանդվեցին, և հասարակությունը հետադիմեց գյուղական համայնքների մակարդակի։ Նոր քաղաքակրթական ընձյուղումը, որ կատարվեց Արխաիկ դարաշրջանում (Ք.ա. 8–6-րդ դդ.), չկրկնեց նախորդի փորձը։ Գնաց ինքնիշխան քաղաք–պետությունների ձևավորման ճանապարհով, որոնք ավելի հարիր էին Հունաստանի սահմանափակ ռեսուրսներին։ Պակասը որոշվեց լրացնել էրգաստիկ–մշակութաստեղծ գործունեությամբ՝ տեխնոլոգիաներ, գիտություններ, բառարվեստ, թատրոն, ռազմարվեստ, հանրային համախմբման և կառավարման նոր ձևեր։ Այս հիմնարար
խթանը, սակայն, նույնընթաց չէր բոլոր քաղաք–պետություններում. հոլովույթի
համածիրում առանձնանում էր երկու հակոտնյա բևեռ՝ Սպարտան և Աթենքը։
Առաջինը հընթացս ժամանակի հանգեց Արխաիկ դարաշրջանի «տեխնոլոգիական–ընկերային շարժի» կասեցմանը։ Երկրորդը, ընդհակառակը, դրա հետագա զարգացմանը։ Ներկա հատորը լուսաբանում է սպարտական ուղին։ Այն ծնունդ տվեց համակեցական մի համաձուլվածքի, որը պարառում էր ամբողջատիրության, կաստայականության և ժողովրդավարության ինչ–ինչ բաղադրատարրեր։ Թե՛ ներքին, թե՛ արտաքին քաղաքականության մեջ ամեն բան պայմանավորված էր ռազմական հրամայականի կանոնով։ Շուրջ երկուսուկես դար Սպարտան հունական աշխարհի ռազմական հեգեմոնն էր։ Սակայն «անսպասելի» փլուզվեց իր հաղթությունների ծանրության ներքո՝ անհաղորդ արտադրության և կառավարման նոր տեխնոլոգիաներին։
651 #4 - SUBJECT ADDED ENTRY--GEOGRAPHIC NAME
Geographic name Հին Հունաստան
General subdivision Պատմություն
9 (RLIN) 38165
700 1# - ADDED ENTRY--PERSONAL NAME
Personal name Պետրոսյան, Դավիթ Վ.
Relator code edt
Relator term խմբ.
700 1# - ADDED ENTRY--PERSONAL NAME
Personal name Մկրտչյան, Տիգրան Վ.
Relator code edt
Relator term խմբ.
710 2# - ADDED ENTRY--CORPORATE NAME
9 (RLIN) 27
Corporate name or jurisdiction name as entry element Երևանի պետական համալսարան
856 41 - ELECTRONIC LOCATION AND ACCESS
Uniform Resource Identifier https://doi.org/10.46991/YSUPH/9785808427259
Link text Դիտել առցանց
Public note (DOI)
942 ## - ADDED ENTRY ELEMENTS (KOHA)
Source of classification or shelving scheme
Koha item type Books
998 ## - LOCAL CONTROL INFORMATION (RLIN)
Cataloger's initials, CIN (RLIN) AS
Holdings
Withdrawn status Lost status Source of classification or shelving scheme Damaged status Not for loan Permanent Location Current Location Date acquired Full call number Date last seen Price effective from Koha item type
          National Library of Armenia National Library of Armenia 2026-01-08 Բացակա 2026-01-08 2026-01-08 Books

Հայաստանի ազգային գրադարան ՀՀ, 0009,Երևան, Տերյան 72
Հետադարձ կապ